00801nam a22002417a 450000500170000001000110001702000100002803500110003803700160004904000120006508200130007710000310009024501140012126000420023527000110027730000200028850000190030865000280032765000400035594200220039599900190041795201230043620170124105915.0 a020054 c00.00 a020054 bCen Lib/Ret aDPLbEN a010bCOL aCollision, Robwrt L.92066 aBibliographies subeject and national :cby Robwrt L. Collisionba guide to their contents,arrangement and use aLondonbCrosby Lockwood and Sonc1951 bLondon a172p.c22cm(Hb) aincludes index aLibrary Science9106818 aLibrary Information science9104569 2ddccENh010mCOL c122750d122750 001040718REFaLbLd2015-05-29eCen Lib/Retg0.00l0o010 COLp020054r2015-05-29 00:00:00t1v0.00w2016-09-15yEN